Statistics for Top 10 Los Angeles Lakers of All-Time

Click here to take the quiz!

General Stats

  • This quiz has been taken 14,147 times
  • The average score is 6 of 10

Answer Stats

Win SharesYearsPositionPlayer% Correct
172.71996–2016GuardKobe Bryant
99%
97.01996–2004CenterShaquille O'Neal
93%
155.81979–1991, 1995–1996GuardMagic Johnson
92%
158.71975–1989CenterKareem Abdul-Jabbar
90%
162.61960–1974GuardJerry West
78%
81.21982–1994ForwardJames Worthy
59%
104.21958–1972ForwardElgin Baylor
47%
108.71948–1956CenterGeorge Mikan
42%
65.81983–1993, 1996–1997GuardByron Scott
26%
83.41949–1959ForwardVern Mikkelsen
8%

Score Distribution

Percentile by Number Answered

Percent of People with Each Score

Your Score History

You have not taken this quiz